[Event "VIII Iberoamericano Mexico 2022"]
[Site "Mexico City"]
[Date "2022.02.13"]
[Round "2.22"]
[White "Ruiz Perez, Juan Octavio"]
[Black "Valdes Romero, Leonardo"]
[Result "1/2-1/2"]
[WhiteElo "2074"]
[BlackElo "2404"]
[Annotator "TA"]
[PlyCount "115"]
[EventDate "2022.02.12"]
[EventType "swiss"]
[EventCountry "MEX"]
[SourceTitle "playchess.com"]
[Source "ChessBase"]
[SourceQuality "1"]

{[%evp 19,115,22,54,15,35,27,67,60,79,85,102,106,90,76,79,93,85,101,135,129,139,47,57,39,116,118,153,-24,-17,-17,-22,-85,0,14,43,27,35,35,34,8,18,18,19,27,27,19,36,27,32,35,45,17,18,0,0,0,0,0,0,0,0,-9,0,0,0,0,0,0,0,0,0,0,0,-45,-63,-68,14,14,13,0,16,14,14,14,14,14,14,14,14,14,16,16,16,0,0,0,16,0]} 1. e4 c5 2. Nf3 Nc6 3. d4 cxd4 4. Nxd4 g6 5. Nc3 Bg7 6. Be3 Nf6 7. Bc4 O-O 8. Bb3 d6 9. f3 Bd7 10. Qd2 Na5 11. g4 {B77: Sicilian Dragon: Yugoslav Attack, 9 Bc4 sidelines.} Nxb3 {11...Nxb3 is better than 11...Rb8.} 12. axb3 Qb8 {[%cal Od6d5]} 13. h4 {[%cal Bh2h4,Bh4h5][%mdl 32] White is slightly better.} b5 14. h5 b4 {[#]} 15. Nd5 {White is more active.} Nxd5 16. exd5 {[#]} Qb7 $146 ({Predecessor:} 16... Bh8 17. O-O-O Qb7 18. Qh2 g5 19. Bxg5 Be5 20. Qh4 Rfe8 21. Nf5 Bxf5 22. gxf5 h6 23. Bxh6 a5 24. Be3 Rec8 25. Qg4+ Kf8 26. h6 {1-0 (26) Bastianelli,G-Sousa,C ICCF email 2002}) 17. Bh6 $36 {[%mdl 2048] White is in control.} Be5 18. O-O-O Qxd5 19. Bxf8 Rxf8 20. Kb1 (20. Qg5 $16) 20... Qc5 $14 21. Ne2 {Black must now prevent Nf4.} Rc8 ({Black should try} 21... Bc6 $1 $14) 22. hxg6 $16 fxg6 {[#]} 23. Qd5+ $2 {Dancing on a razor blade.} (23. Nc1 $1 $16 {[%cal Rc1d3]}) 23... Qxd5 $11 24. Rxd5 Rf8 25. Ra5 (25. Rd3 $11) 25... a6 ({Black should play} 25... Bc6 $17) 26. Rd1 {[%cal Oa5e5] Threatens to win with Rxe5!} ({Don't blunder} 26. Rxa6 $2 Bb5 27. Ra7 Bxe2 28. Rxe7 Bxf3 29. Rhxh7 Bxg4 $19) 26... Bc6 (26... Bg7 $5 {[%cal Rf8f3]}) 27. Nd4 Bxf3 28. Nxf3 Rxf3 {[%mdl 4096] Endgame KRR-KRB} 29. Rg1 g5 30. Rxa6 Rf4 31. Rc6 Kf7 32. Rc4 d5 33. Rc6 Bf6 34. c3 Kg6 35. cxb4 Rxb4 36. Kc2 h5 37. gxh5+ Kxh5 38. Rc5 e6 39. Re1 Rb6 40. Rf1 Kg6 41. Rc8 Bg7 42. Rc7 g4 43. Rg1 Be5 44. Rc8 ({Wrong is} 44. Rxg4+ $2 Kf5 45. Rgg7 Bxg7 46. Rxg7 e5 $19) 44... g3 45. Rg8+ Kf7 46. Rg5 (46. Rg4 $11) 46... Kf6 $15 {[%mdl 1024] Black has compensation.} 47. Rg8 d4 ({Better is} 47... Rb4 $15) 48. Rf1+ $11 {The position is equal.} Ke7 49. Re1 Rb5 50. Rg5 Kf6 51. Rh5 g2 {[%cal Oe5g3] Hoping for ...Bg3!} 52. Rg1 d3+ {[%mdl 64] Decoy} 53. Kxd3 {aiming for Kc4.} Rxb3+ 54. Ke4 Rb4+ 55. Kf3 Rb3+ 56. Ke4 Rb4+ 57. Kf3 Rb3+ 58. Ke4 {Weighted Error Value: White=0.15 (very precise) /Black=0.14 (very precise)} 1/2-1/2

[Event "VIII Iberoamericano Mexico 2022"]
[Site "Mexico City"]
[Date "2022.02.13"]
[Round "2.23"]
[White "Jimenez Garcia, Emmanuel"]
[Black "Avila Bautista, Roberto Alejandro"]
[Result "1-0"]
[WhiteElo "2403"]
[BlackElo "2090"]
[Annotator "TA"]
[PlyCount "96"]
[EventDate "2022.02.12"]
[EventType "swiss"]
[EventCountry "MEX"]
[SourceTitle "playchess.com"]
[Source "ChessBase"]
[SourceQuality "1"]

{[%evp 9,96,7,27,22,21,14,13,11,17,24,24,24,18,10,82,81,87,83,91,87,80,87,106,112,114,97,113,121,121,120,114,114,122,122,122,123,124,123,115,114,139,139,143,132,155,153,152,156,155,152,147,149,149,151,157,155,150,157,163,165,182,175,168,158,214,203,277,242,214,200,216,208,517,506,601,601,601,601,787,747,1441,1354,1107,1081,29976,29977,29966,10349,2905]} 1. Nf3 Nf6 2. b3 g6 3. Bb2 Bg7 4. g3 O-O 5. Bg2 c5 6. c4 {A05: Réti Opening: 1 Nf3 Nf6.} b6 7. d4 {[#]} cxd4 $146 ({Predecessor:} 7... Bb7 8. O-O cxd4 9. Nxd4 Bxg2 10. Kxg2 d5 11. cxd5 Qxd5+ 12. Nf3 Qb7 13. Nbd2 Nbd7 14. Rc1 Nc5 15. b4 Ne6 16. Qb3 Rfd8 17. Kg1 Rac8 18. Rxc8 Rxc8 {0-1 (55) Ehlvest,J (2532)-Sunilduth Lyna,N (2536) St Petersburg 2016}) 8. Nxd4 {The position is equal.} d5 $1 9. Nc3 {[%cal Rc3d5]} Bb7 10. O-O Qd7 11. Nc2 {[%cal Rc3d5]} Rd8 (11... Ne4 $11 12. Bxe4 (12. Nxd5 Bxb2 13. Bxe4 Bxa1 $11) 12... dxe4) 12. Qc1 $16 {White now steadily converts the win.} d4 {[#]} 13. Nxd4 $1 {[%cal Od4e6] Ne6! is the strong threat.} Bxg2 14. Kxg2 {[%cal Of2f3]} Qb7+ (14... Qxd4 $2 15. Rd1 Nc6 16. Rxd4 Nxd4 17. f3 $18) 15. Nf3 e5 16. Rd1 Nc6 17. e4 ({Don't do} 17. Nd5 Nxd5 18. cxd5 Nd4 $14) 17... Nd4 18. Nxd4 exd4 19. Nd5 Nxe4 20. Bxd4 Bxd4 21. Rxd4 Nf6 {[%cal Rf6d5]} 22. Qg5 Rd6 23. Rad1 Re8 24. Qf4 Nxd5 25. Rxd5 Rde6 26. Qf3 {White is more active.} Qc6 27. Rd8 Qxf3+ 28. Kxf3 {[%mdl 4096] Endgame KRR-KRR} Rf6+ 29. Kg2 Kf8 30. R1d7 {Hoping for Rxe8+.} Rxd8 31. Rxd8+ {KR-KR} Ke7 32. Rb8 a5 33. Rb7+ Kf8 34. a4 Rd6 35. h4 Kg7 36. Kf1 Kf6 (36... Re6 $16 {was called for.} 37. g4 h5) 37. Ke2 $18 h5 38. Ke3 Ke6 39. Rc7 f6 40. f3 Kf5 $2 (40... Ke5 {is a better chance.} 41. Ra7 Rc6) 41. c5 {[%cal Bc4c5,Bc5c6,Bc6c7][%mdl 32]} Re6+ 42. Kd4 g5 43. hxg5 {Threatens to win with c6.} fxg5 44. c6 h4 45. gxh4 gxh4 46. Rc8 {Intending Rf8+ and mate.} Rf6 {Inhibits Rf8.} 47. c7 Rf7 48. Kd5 {Kc6 would kill now.} h3 {Weighted Error Value: White=0.02 (flawless) /Black=0.39} 1-0

[Event "VIII Iberoamericano Mexico 2022"]
[Site "Mexico City"]
[Date "2022.02.13"]
[Round "2.24"]
[White "Ortiz Verdezoto, Anahi"]
[Black "Diaz Rosas, Julio Cesar"]
[Result "0-1"]
[WhiteElo "2047"]
[BlackElo "2393"]
[Annotator "TA"]
[PlyCount "94"]
[EventDate "2022.02.12"]
[EventType "swiss"]
[EventCountry "MEX"]
[SourceTitle "playchess.com"]
[Source "ChessBase"]
[SourceQuality "1"]

{[%evp 18,94,0,0,39,39,47,43,51,42,57,55,54,53,61,45,45,30,45,45,37,40,44,0,54,27,25,9,25,9,21,15,14,13,23,14,131,77,63,36,88,0,0,0,0,0,52,0,0,0,0,-31,-34,-244,-235,-495,-528,-494,-84,-70,-65,-734,-366,-416,-86,-191,0,-413,-189,-1152,-1110,-1129,-1034,-29986,-29987,-29987,-29988,-29998,-29999]} 1. d4 Nf6 2. c4 g6 3. Nc3 d5 4. cxd5 Nxd5 5. e4 Nxc3 6. bxc3 Bg7 7. h3 O-O 8. Nf3 c5 9. Be2 Nc6 10. Be3 Qc7 {D85: Exchange Grünfeld: Unusual White 7th moves and lines with 7 Nf3.} 11. O-O Rd8 {[#]} 12. d5 $146 ({Predecessor:} 12. Rc1 Na5 13. Qd2 a6 14. Bf4 e5 15. Bg3 Qe7 16. Rfd1 Nc6 17. d5 f6 18. Qb2 {1-0 (39) Laurusas,T (2518)-Pedoson,G (2166) Viljandi 2021}) 12... b6 {White is slightly better.} 13. c4 e5 14. Bg5 f6 15. Bd2 Na5 16. Qc1 Nb7 17. Bh6 Bh8 18. Bd3 Nd6 19. Re1 Re8 20. h4 (20. Bd2 $14 {deserves consideration.}) 20... Qd7 (20... f5 $11) 21. a3 Qg4 22. Ra2 Qh5 23. Bd2 Bg7 24. a4 {[%cal Ba3a4,Ba4a5][%mdl 32]} Bg4 25. Nh2 Qxh4 26. a5 g5 (26... Rab8 $1 $11) 27. Qa1 (27. Qb1 $142) 27... Rab8 $16 28. Rb1 Bd7 ({Black should play} 28... b5 $14) 29. Nf3 ({Better is} 29. axb6 $16 axb6 30. Ra7) 29... Qh5 $11 30. axb6 axb6 31. Ra6 Nc8 (31... Bg4 $11 32. Raxb6 (32. Rbxb6 Bxf3 33. Rxd6 Bxg2 $11) 32... Rxb6 33. Rxb6 Bf8) 32. Ba5 g4 33. Nh2 f5 {[%cal Og4g3] ...g3! is the strong threat.} 34. Bxb6 (34. Nf1 $5 {[%cal Ra5b6]}) 34... fxe4 35. Bxe4 {[#]} ({Only move:} 35. Bxc5 $15 exd3 36. Rxb8) 35... Nd6 36. Re1 (36. Ba7 g3 37. fxg3 (37. Rxd6 $2 Qxh2+ 38. Kf1 Bg4 $19) 37... Rxb1+ 38. Qxb1 Nxe4 39. g4) 36... Nxe4 $19 37. Rxe4 Bf5 $2 (37... Qg6 $19 38. Qe1 g3 39. fxg3 Bf5) 38. Re3 $17 e4 $36 {[%mdl 2048] Black is more active.} 39. Qa3 {[%mdl 8192] [#]} (39. Qa5 $15) 39... Bd4 (39... Bc8 $142 40. Nf1 Bxa6 41. Qxa6 Qh6) 40. Nf1 Rec8 (40... Bc8 $19 41. Bc7 (41. Ng3 $2 Qh6 $19) 41... Bxa6 42. Bxb8 Bxc4) 41. Re1 (41. Ba5 $17) 41... Qf7 $2 ({And not} 41... Qh4 42. g3 Qh5 43. Ne3 $11) (41... e3 $19 42. Rxe3 (42. fxe3 $2 Be5 $19) (42. Nxe3 $2 g3 $19) 42... Qh4) 42. Ne3 {[%mdl 8192]} (42. Rd1 $1 $11) 42... Bd7 {This bishop pair is nice.} (42... g3 $142 43. fxg3 Qh5) 43. Rf1 (43. g3) 43... g3 $1 $19 44. fxg3 Qg7 45. Rf4 Qxg3 {Black mates.} 46. Rxe4 Re8 47. Bc7 Rb1+ {Weighted Error Value: White=0.81/Black=0.69} 0-1

[Event "VIII Iberoamericano Mexico 2022"]
[Site "Mexico City"]
[Date "2022.02.13"]
[Round "2.25"]
[White "Leon Valdes, Jony Wilson"]
[Black "Fernandez Pozas, Pablo Antonio"]
[Result "1/2-1/2"]
[WhiteElo "2392"]
[BlackElo "2072"]
[Annotator "TA"]
[PlyCount "58"]
[EventDate "2022.02.12"]
[EventType "swiss"]
[EventCountry "MEX"]
[SourceTitle "playchess.com"]
[Source "ChessBase"]
[SourceQuality "1"]

{[%evp 14,58,0,0,10,-64,-61,-68,-71,-58,-11,-17,-21,-44,-6,-5,0,-85,-3,-12,0,0,0,0,19,12,27,0,0,0,0,0,0,0,0,0,0,0,0,0,0,0,0,0,0,0,-2]} 1. d4 Nf6 2. c4 c6 3. Nf3 d5 4. b3 Bf5 5. g3 e6 6. Bg2 Be7 7. O-O Nbd7 8. Bb2 h5 {[#] D11: Slav Defence: 3 Nf3 sidelines and 3...Nf6 4 e3 Bg4.} 9. Ne5 $146 (9. Nc3 $11) ({Predecessor:} 9. Nc3 Ne4 10. h4 Qc7 11. cxd5 exd5 12. Rc1 Qd6 13. Ne5 f6 14. Nxe4 dxe4 15. Nc4 Qe6 16. Ne3 {½-½ (58) Sribar,P (2164)-Savic,M (2260) Zagreb 2011}) 9... h4 $15 10. Nd2 hxg3 {Black is slightly better.} 11. hxg3 Bd6 (11... Kf8 $15) 12. Re1 Ne4 {White must now prevent ...Qg5.} 13. Nxe4 Bxe4 14. Bxe4 dxe4 15. Qd2 {[#]} (15. Qc2 $11 {remains equal.}) 15... f6 ({Better is} 15... Qf6 $1 $17 {[%cal Od6b4] ...Bb4! is the strong threat.} 16. Qf4 Bxe5 17. dxe5 Qxf4 18. gxf4 Rh4) 16. Nxd7 $11 Qxd7 17. Kg2 O-O-O 18. Rh1 Rxh1 19. Rxh1 Bc5 {[%cal Oe6e5]} 20. Qf4 {Inhibits e5.} Bxd4 {The position is equal.} 21. Rd1 e5 22. Qxe4 {Threatens to win with e3.} Rh8 23. Bxd4 {[%cal Od1d3]} c5 {[%cal Bc6c5,Bc5d4,Bd4d3,Bd3d2][%mdl 96] [#] Pin} 24. g4 {[%cal Oe2e3]} exd4 25. e3 {[%cal Re3d4]} Re8 26. Qf3 Re5 27. exd4 cxd4 28. Qf4 d3 29. Qf3 d2 {Weighted Error Value: White=0.15 (very precise) /Black=0.15 (very precise)} 1/2-1/2

[Event "VIII Iberoamericano Mexico 2022"]
[Site "Mexico City"]
[Date "2022.02.13"]
[Round "2.26"]
[White "Zarate Manjarrez, Alfredo"]
[Black "Gemy, Jose Daniel"]
[Result "0-1"]
[WhiteElo "2026"]
[BlackElo "2381"]
[Annotator "RC"]
[PlyCount "64"]
[EventDate "2022.02.12"]
[EventType "swiss"]
[EventCountry "MEX"]
[SourceTitle "playchess.com"]
[Source "ChessBase"]
[SourceQuality "1"]
[TimeControl "5400+30"]

1. Nf3 {[%emt 0:04:59]} Nf6 {[%emt 0:00:10]} 2. b3 {[%emt 0:00:22]} g6 {[%emt 0:00:07]} 3. Bb2 {[%emt 0:00:06]} Bg7 {[%emt 0:00:03]} 4. c4 {[%emt 0:01:21]} O-O {[%emt 0:00:07]} 5. g3 {[%emt 0:00:05]} d6 {[%emt 0:01:48]} 6. Bg2 {[%emt 0:00:08]} e5 {[%emt 0:00:06]} 7. d3 {[%emt 0:00:41]} Nc6 {[%emt 0:04:46]} 8. O-O {[%emt 0:00:59]} a5 {[%emt 0:03:48]} 9. a3 {[%emt 0:01:04]} Bd7 {[%emt 0:01:38]} 10. Nbd2 {[%emt 0:01:54]} Nh5 {[%emt 0:03:32]} 11. Ra2 {[%emt 0:05:30]} f5 {[%emt 0:00:16]} 12. e3 {[%emt 0:01:21]} Qe7 {[%emt 0:03:37]} 13. d4 {[%emt 0:21:33]} e4 {[%emt 0:03:04]} 14. Ne1 {[%emt 0:00:04]} Nf6 {[%emt 0:02:13]} 15. Nc2 {[%emt 0:07:40]} h5 {[%emt 0:02:13]} 16. Qa1 {[%emt 0:03:11]} h4 {[%emt 0:06:20]} 17. b4 {[%emt 0:00:05]} d5 {[%emt 0:06:02]} 18. b5 {[%emt 0:00:56]} Nd8 {[%emt 0:00:09]} 19. a4 {[%emt 0:00:20]} Qf7 {[%emt 0:01:18]} 20. c5 {[%emt 0:08:39]} g5 {[%emt 0:01:20]} 21. Qd1 {[%emt 0:02:41]} g4 {[%emt 0:00:21]} 22. Nb3 {[%emt 0:07:29]} Ne6 {[%emt 0:00:41]} 23. c6 {[%emt 0:07:08]} bxc6 {[%emt 0:00:08]} 24. bxc6 {[%emt 0:00:04]} Bxc6 {[%emt 0:00:08]} 25. Bc3 {[%emt 0:00:49]} Ng5 {[%emt 0:01:12]} 26. Nc5 {[%emt 0:15:26]} Rfe8 {[%emt 0:01:12]} 27. Na3 {[%emt 0:00:16]} Qg6 {[%emt 0:01:55]} 28. Nb5 {[%emt 0:00:28]} Re7 {[%emt 0:00:27]} 29. Qb3 {[%emt 0:01:30]} Nf3+ {[%emt 0:00:43]} 30. Bxf3 {[%emt 0:04:54]} gxf3 {[%emt 0:00:05]} 31. Kh1 {[%emt 0:00:35]} Qg4 {[%emt 0:00:35]} 32. Bxa5 {[%emt 0:00:25]} Qh3 0-1

[Event "VIII Iberoamericano Mexico 2022"]
[Site "Mexico City"]
[Date "2022.02.13"]
[Round "2.27"]
[White "Lopez Gonzalez, Abel Fabian"]
[Black "Rosales Campos, Paul Ivan"]
[Result "0-1"]
[WhiteElo "2379"]
[BlackElo "2039"]
[Annotator "ChessBase"]
[PlyCount "24"]
[EventDate "2022.02.12"]
[EventType "swiss"]
[EventCountry "MEX"]
[SourceTitle "playchess.com"]
[Source "ChessBase"]
[SourceQuality "1"]
[TimeControl "5400+30"]

1. d4 {[%emt 1:31:00]} d5 {[%emt 0:02:33]} 2. c4 {[%emt 0:00:00]} e6 {[%emt 0:00:28]} 3. Nc3 {[%emt 0:00:00]} Nf6 {[%emt 0:00:29]} 4. cxd5 {[%emt 0:00:00]} exd5 {[%emt 0:00:27]} 5. Bg5 {[%emt 0:00:00]} c6 {[%emt 0:00:48]} 6. e3 {[%emt 0:00:00]} Bd6 {[%emt 0:00:55]} 7. Bd3 {[%emt 0:00:00]} O-O {[%emt 0:01:16]} 8. Qc2 {[%emt 0:00:00]} h6 {[%emt 0:01:14]} 9. Bh4 {[%emt 0:00:00]} Re8 {[%emt 0:00:47]} 10. Nf3 {[%emt 0:00:00]} Be6 {[%emt 0:01:24]} 11. Ne5 {[%emt 0:00:00]} c5 {[%emt 0:01:31]} 12. Bb5 {[%emt 0:00:00]} cxd4 {[%emt 0:15:17]} 0-1

[Event "VIII Iberoamericano Mexico 2022"]
[Site "Mexico City"]
[Date "2022.02.13"]
[Round "2.28"]
[White "Ocampo, Cristina"]
[Black "Galaviz Medina, Sion Radamantys"]
[Result "0-1"]
[WhiteElo "2024"]
[BlackElo "2374"]
[Annotator "ChessBase"]
[PlyCount "36"]
[EventDate "2022.02.12"]
[EventType "swiss"]
[EventCountry "MEX"]
[SourceTitle "playchess.com"]
[Source "ChessBase"]
[SourceQuality "1"]
[TimeControl "5400+30"]

1. e4 {[%emt 0:07:26]} c5 {[%emt 0:00:03]} 2. Nf3 {[%emt 0:00:21]} d6 {[%emt 0:00:08]} 3. d4 cxd4 {[%emt 0:00:07]} 4. Qxd4 {[%emt 0:00:14]} Nc6 {[%emt 0:00:04]} 5. Qe3 {[%emt 0:01:28]} Nf6 {[%emt 0:09:46]} 6. h3 {[%emt 0:00:21]} e6 {[%emt 0:04:43]} 7. c4 {[%emt 0:01:52]} Nb4 {[%emt 0:16:47]} 8. Qb3 {[%emt 0:14:49]} d5 {[%emt 0:17:37]} 9. cxd5 {[%emt 0:03:34]} Nxe4 {[%emt 0:22:28]} 10. dxe6 {[%emt 0:41:58]} Bxe6 {[%emt 0:12:52]} 11. Bb5+ {[%emt 0:01:08]} Nc6 {[%emt 0:00:07]} 12. Qa4 {[%emt 0:01:52]} Bd5 {[%emt 0:03:46]} 13. O-O {[%emt 0:08:13]} Bc5 {[%emt 0:00:22]} 14. Nd4 {[%emt 0:09:40]} O-O {[%emt 0:02:15]} 15. Be3 {[%emt 0:03:23]} Nxd4 {[%emt 0:01:31]} 16. Bxd4 {[%emt 0:00:30]} a6 {[%emt 0:02:07]} 17. Bxc5 Nxc5 {[%emt 0:00:05]} 18. Qd4 {[%emt 0:02:06]} Ne6 {[%emt 0:00:05]} 0-1

[Event "VIII Iberoamericano Mexico 2022"]
[Site "Mexico City"]
[Date "2022.02.13"]
[Round "2.29"]
[White "Veiga, Jose Francisco R P N"]
[Black "Fernandez Rivero, Karla July"]
[Result "1-0"]
[WhiteElo "2366"]
[BlackElo "2025"]
[Annotator "ChessBase"]
[PlyCount "65"]
[EventDate "2022.02.12"]
[EventType "swiss"]
[EventCountry "MEX"]
[SourceTitle "playchess.com"]
[Source "ChessBase"]
[SourceQuality "1"]
[TimeControl "5400+30"]

1. e4 {[%emt 0:00:10]} e5 {[%emt 0:00:12]} 2. Nf3 {[%emt 0:00:07]} Nc6 {[%emt 0:00:10]} 3. Bb5 {[%emt 0:00:19]} a6 {[%emt 0:00:21]} 4. Ba4 {[%emt 0:00:06]} Nf6 {[%emt 0:00:17]} 5. O-O {[%emt 0:00:07]} Be7 {[%emt 0:00:14]} 6. d3 {[%emt 0:00:07]} b5 {[%emt 0:00:23]} 7. Bb3 {[%emt 0:00:05]} d6 {[%emt 0:00:19]} 8. a3 {[%emt 0:00:18]} Na5 {[%emt 0:00:36]} 9. Ba2 {[%emt 0:00:42]} c5 {[%emt 0:00:15]} 10. Nc3 {[%emt 0:01:09]} Be6 {[%emt 0:00:44]} 11. Bg5 {[%emt 0:02:28]} O-O {[%emt 0:01:47]} 12. Bxf6 {[%emt 0:06:15]} Bxf6 {[%emt 0:00:11]} 13. Nd5 {[%emt 0:00:53]} Nc6 {[%emt 0:02:27]} 14. c3 {[%emt 0:02:05]} g6 {[%emt 0:01:19]} 15. Qd2 {[%emt 0:06:19]} Bg7 {[%emt 0:06:48]} 16. Ng5 {[%emt 0:06:15]} Rb8 {[%emt 0:05:39]} 17. f4 {[%emt 0:05:57]} Qd7 {[%emt 0:14:41]} 18. Qe2 {[%emt 0:17:45]} Bg4 {[%emt 0:14:42]} 19. Qe3 {[%emt 0:04:13]} h6 {[%emt 0:09:53]} 20. Nf3 {[%emt 0:00:08]} Kh7 {[%emt 0:03:01]} 21. h3 {[%emt 0:01:24]} Bxf3 {[%emt 0:06:11]} 22. Rxf3 {[%emt 0:01:03]} exf4 {[%emt 0:00:31]} 23. Rxf4 {[%emt 0:00:23]} Ne5 {[%emt 0:06:18]} 24. Raf1 {[%emt 0:02:17]} c4 {[%emt 0:03:07]} 25. d4 {[%emt 0:03:07]} Nd3 {[%emt 0:05:26]} 26. Nf6+ Bxf6 {[%emt 0:00:09]} 27. Rxf6 {[%emt 0:00:16]} Qe7 {[%emt 0:03:55]} 28. b3 {[%emt 0:05:27]} d5 {[%emt 0:06:28]} 29. e5 {[%emt 0:01:55]} Kg7 {[%emt 0:02:45]} 30. b4 {[%emt 0:01:25]} a5 {[%emt 0:00:56]} 31. Bb1 {[%emt 0:00:05]} Nb2 {[%emt 0:01:14]} 32. e6 {[%emt 0:01:04]} Rbe8 {[%emt 0:04:48]} 33. Qe5 {[%emt 0:01:27]} 1-0

[Event "VIII Iberoamericano Mexico 2022"]
[Site "Mexico City"]
[Date "2022.02.13"]
[Round "2.30"]
[White "Jorajuria Mendoza, Zuben Algenubi"]
[Black "Santos, Jose Guilherme B Lim"]
[Result "0-1"]
[WhiteElo "1582"]
[BlackElo "2363"]
[Annotator "ChessBase"]
[PlyCount "128"]
[EventDate "2022.02.12"]
[EventType "swiss"]
[EventCountry "MEX"]
[SourceTitle "playchess.com"]
[Source "ChessBase"]
[SourceQuality "1"]
[TimeControl "5400+30"]

1. e4 {[%emt 0:00:04]} c5 {[%emt 0:02:14]} 2. Nf3 {[%emt 0:00:12]} d6 {[%emt 0:00:13]} 3. d4 {[%emt 0:00:25]} cxd4 {[%emt 0:00:06]} 4. Nxd4 {[%emt 0:00:09]} Nf6 {[%emt 0:00:05]} 5. Nc3 {[%emt 0:00:10]} a6 {[%emt 0:00:03]} 6. Bc4 {[%emt 0:00:28]} e6 {[%emt 0:00:16]} 7. Bb3 {[%emt 0:00:24]} Nbd7 {[%emt 0:00:08]} 8. O-O {[%emt 0:00:55]} Nc5 {[%emt 0:00:07]} 9. Bg5 {[%emt 0:01:17]} Be7 {[%emt 0:00:49]} 10. Qe2 {[%emt 0:01:02]} Nfxe4 {[%emt 0:13:57]} 11. Nxe4 {[%emt 0:03:11]} Bxg5 {[%emt 0:00:14]} 12. Nxc5 {[%emt 0:00:27]} dxc5 {[%emt 0:00:08]} 13. Nf5 {[%emt 0:01:03]} O-O {[%emt 0:01:14]} 14. Ng3 {[%emt 0:04:11]} Qc7 {[%emt 0:01:45]} 15. c3 {[%emt 0:02:12]} Bd7 {[%emt 0:00:18]} 16. Qg4 {[%emt 0:01:36]} Qf4 {[%emt 0:02:50]} 17. Qh5 {[%emt 0:05:42]} g6 {[%emt 0:01:52]} 18. Qe2 {[%emt 0:00:30]} Bb5 {[%emt 0:00:23]} 19. c4 {[%emt 0:00:40]} Bc6 {[%emt 0:00:14]} 20. Rad1 {[%emt 0:01:56]} Rad8 {[%emt 0:00:16]} 21. Bc2 {[%emt 0:03:07]} Rxd1 {[%emt 0:03:40]} 22. Rxd1 {[%emt 0:00:11]} Rd8 {[%emt 0:00:14]} 23. Bd3 {[%emt 0:04:27]} h5 {[%emt 0:01:20]} 24. Nf1 {[%emt 0:15:12]} h4 {[%emt 0:00:06]} 25. Re1 {[%emt 0:01:08]} Rd4 {[%emt 0:04:38]} 26. Ne3 {[%emt 0:03:05]} Bf6 {[%emt 0:02:18]} 27. Nc2 {[%emt 0:06:27]} Rd8 {[%emt 0:00:37]} 28. Ne3 {[%emt 0:00:37]} h3 {[%emt 0:02:27]} 29. gxh3 {[%emt 0:03:17]} Bf3 {[%emt 0:00:25]} 30. Qc2 {[%emt 0:01:02]} Kg7 {[%emt 0:06:28]} 31. Bf1 {[%emt 0:05:26]} Be5 {[%emt 0:00:30]} 32. Ng4 {[%emt 0:01:00]} Bxg4 {[%emt 0:00:16]} 33. Rxe5 {[%emt 0:00:13]} Qxe5 {[%emt 0:00:05]} 34. hxg4 {[%emt 0:00:08]} Rd4 {[%emt 0:00:13]} 35. h3 {[%emt 0:01:30]} Qf4 {[%emt 0:00:07]} 36. Qc3 {[%emt 0:00:35]} Kg8 {[%emt 0:00:34]} 37. b4 {[%emt 0:02:00]} Rd2 {[%emt 0:00:10]} 38. Qe3 {[%emt 0:00:33]} Qxe3 {[%emt 0:00:17]} 39. fxe3 {[%emt 0:00:11]} cxb4 {[%emt 0:00:01]} 40. c5 {[%emt 0:00:16]} Rxa2 {[%emt 0:00:08]} 41. Bg2 {[%emt 0:00:19]} b3 {[%emt 0:00:07]} 42. Bxb7 {[%emt 0:00:07]} b2 {[%emt 0:00:04]} 43. Be4 {[%emt 0:00:07]} Ra1+ {[%emt 0:00:03]} 44. Kg2 {[%emt 0:00:12]} b1=Q {[%emt 0:00:05]} 45. Bxb1 {[%emt 0:00:08]} Rxb1 {[%emt 0:00:03]} 46. e4 {[%emt 0:00:10]} Rc1 {[%emt 0:00:01]} 47. e5 {[%emt 0:00:11]} Rxc5 {[%emt 0:00:05]} 48. h4 {[%emt 0:00:08]} a5 {[%emt 0:00:02]} 49. h5 {[%emt 0:00:12]} a4 {[%emt 0:00:01]} 50. hxg6 {[%emt 0:00:09]} a3 {[%emt 0:00:02]} 51. gxf7+ {[%emt 0:00:13]} Kxf7 {[%emt 0:00:01]} 52. g5 {[%emt 0:00:15]} a2 {[%emt 0:00:03]} 53. g6+ {[%emt 0:00:09]} Kxg6 {[%emt 0:00:03]} 54. Kf3 {[%emt 0:00:08]} a1=Q {[%emt 0:00:03]} 55. Ke4 {[%emt 0:00:07]} Rc4+ {[%emt 0:00:04]} 56. Kd3 {[%emt 0:00:12]} Qd4+ {[%emt 0:00:01]} 57. Ke2 {[%emt 0:00:14]} Qxe5+ {[%emt 0:00:01]} 58. Kd2 {[%emt 0:00:13]} Qc3+ {[%emt 0:00:02]} 59. Ke2 {[%emt 0:00:12]} Re4+ {[%emt 0:00:02]} 60. Kf2 {[%emt 0:00:15]} Qe3+ {[%emt 0:00:02]} 61. Kf1 {[%emt 0:00:09]} Rf4+ {[%emt 0:00:01]} 62. Kg2 {[%emt 0:00:11]} Qf3+ {[%emt 0:00:01]} 63. Kg1 {[%emt 0:00:12]} Qg3+ {[%emt 0:00:02]} 64. Kh1 {[%emt 0:00:07]} Rh4# {[%emt 0:00:02]} 0-1